000 00459cam a22001337a 4500
008 180718b2000 xxu||||| |||| 00| 0 eng d
100 _aEstache, Antonio
245 _aThe rise, the fall, and the emerging recovery of project finance in transport
_cby Antonio Estache and John Stron
260 _aWashington, D.C.
_bWorld Bank
_c2000
300 _a31p.
440 _aPolicy research working paper 2385
650 _aFinance --Transport
700 _aStrong, John
999 _c283316
_d283316